Statistics for 24K Magic - Bruno Mars (All Lyrics)

Click here to take the quiz!

General Stats

  • This quiz has been taken 240 times
  • The average score is 291 of 453

Answer Stats

24K Magic% Correct
I
98%
a
97%
the
97%
in
96%
magic
95%
24
93%
air
92%
to
92%
yo'
92%
you
90%
do
84%
do?
84%
what
84%
your
84%
so
82%
So
82%
up
82%
karat
79%
Put
77%
put
77%
Uh
77%
Pre-ChorusOoh
76%
moon
75%
on
75%
trying
75%
it
72%
Oh
72%
oh
72%
look
71%
take
71%
just
70%
ChorusJust
70%
player
70%
IntroTonight
69%
Show
68%
show
68%
out
67%
want
67%
again?
66%
girls
66%
Girls
66%
Go
65%
go
65%
Let's
65%
me
65%
party
65%
this
65%
time
65%
back
64%
Head
64%
They
64%
they
64%
toe
64%
be
63%
man
63%
money
63%
pinky
63%
who's
63%
Guess
62%
my
62%
and
61%
I'm
61%
rings
59%
sky
59%
dangerous
58%
as
57%
it's
57%
pocket
57%
some
57%
We
57%
we
57%
ya'
57%
ya
57%
set
56%
don't
54%
Don't
54%
too
54%
know
53%
know?
53%
ChorusPlayers
53%
hands
52%
pretty
51%
shit
50%
ya'll
50%
with
49%
get
48%
Keep
48%
like
48%
Can
46%
can
46%
for
46%
many
46%
Verse 1Pop
46%
pop
46%
walk
44%
Why
44%
bet
43%
mad?
43%
Got
42%
hurt
42%
right
42%
Throw
42%
face
41%
off
41%
shoes
41%
blues
40%
come
40%
Come
40%
ain't
39%
Ain't
39%
around
39%
bitches
39%
Fix
39%
friends
39%
give
39%
higher
39%
hustlers
39%
Might
39%
soon
39%
that
39%
ugly
39%
ass
38%
Bad
38%
Uh
38%
Ooh
37%
red
37%
down
36%
hard
36%
Hashtag
36%
Designer
35%
self
35%
tell
35%
em'
34%
finest
33%
Jesus
33%
now
33%
Now
33%
Verse 2Second
33%
waking
33%
blessed
32%
What's
32%
BridgeEverywhere
31%
Spend
31%
Wearing
31%
Cuban
30%
rocket
30%
color
29%
First
29%
fresh
29%
how
29%
links
29%
only
29%
gangstas
28%
Gangstas
28%
Hey
28%
preach?
28%
sound?
28%
break
27%
ready
27%
blame
26%
fault
26%
Inglewood's
26%
Whoop
26%
whoop
26%
minks
25%
Watch
25%
dip
24%
feeling
24%
gotta
24%
fight
23%
Known
23%
jocking
22%
verse
22%
pimp
21%
sip
21%
Invite
19%
Showin'
18%

Score Distribution

Percentile by Number Answered

Percent of People with Each Score

Your Score History

You have not taken this quiz